[Event "Titled Tuesday intern op 03rd Jan Early"]
[Site "Chess.com INT"]
[Date "2023.01.03"]
[Round "8"]
[White "Andreev, Eduard"]
[Black "Matinian, Nikita"]
[Result "0-1"]
[WhiteElo "2413"]
[BlackElo "2425"]
[PlyCount "124"]
[EventDate "2023.01.03"]
[EventType "swiss (blitz)"]
[EventRounds "11"]
[EventCountry "USA"]
[SourceTitle "EXT 2024"]
[Source "ChessBase"]
[SourceDate "2023.10.10"]
[SourceVersion "1"]
[SourceVersionDate "2023.10.10"]
[SourceQuality "1"]

1. Nf3 Nf6 2. g3 b6 3. Bg2 Bb7 4. 0-0 g6 5. b3 Bg7 6. Bb2 0-0 7. d4 c5 8. c4 cxd4 9. Nxd4 Bxg2 10. Kxg2 Qc8 11. e3 Nc6 12. Nxc6 Qxc6+ 13. Qf3 Qxf3+ 14. Kxf3 Rfc8 15. Nc3 a6 16. Rfd1 d6 17. Rac1 Nd7 18. Rc2 Bxc3 19. Rxc3 f6 20. Ke2 Kf7 21. Rcc1 g5 22. Bd4 b5 23. Kd3 g4 24. h3 h5 25. hxg4 hxg4 26. Rh1 e5 27. Bb2 Ke6 28. e4 bxc4+ 29. Rxc4 Rxc4 30. Kxc4 Rc8+ 31. Kd3 d5 32. exd5+ Kxd5 33. Rh7 Nc5+ 34. Ke3 Ke6 35. Ba3 Kf5 36. Bxc5 Rxc5 37. Ra7 a5 38. Ra6 Kg5 39. Kd3 f5 40. Ra7 e4+ 41. Kd2 Rd5+ 42. Ke2 Kf6 43. a3 Rb5 44. Kd2 Rxb3 45. Rxa5 Rf3 46. Ke2 e3 47. fxe3 Rxg3 48. Ra8 Rg2+ 49. Kf1 Ra2 50. a4 Kg5 51. a5 Kh4 52. Rf8 Rxa5 53. e4 fxe4 54. Ke2 Kg3 55. Ke3 Ra4 56. Rf1 Kg2 57. Rf4 g3 58. Rg4 Kh2 59. Rh4+ Kg1 60. Kf4 e3+ 61. Kxg3 Rxh4 62. Kxh4 e2 0-1

[Event "Titled Tuesday intern op 03rd Jan Early"]
[Site "Chess.com INT"]
[Date "2023.01.03"]
[Round "10"]
[White "Bryakin, Mikhail"]
[Black "Andreev, Eduard"]
[Result "1/2-1/2"]
[WhiteElo "2463"]
[BlackElo "2413"]
[PlyCount "161"]
[EventDate "2023.01.03"]
[EventType "swiss (blitz)"]
[EventRounds "11"]
[EventCountry "USA"]
[SourceTitle "EXT 2024"]
[Source "ChessBase"]
[SourceDate "2023.10.10"]
[SourceVersion "1"]
[SourceVersionDate "2023.10.10"]
[SourceQuality "1"]

1. e4 c6 2. Nc3 d5 3. Qf3 dxe4 4. Nxe4 Nf6 5. Bc4 Nbd7 6. Nxf6+ Nxf6 7. Ne2 Bg4 8. Qb3 e6 9. Ng3 Qb6 10. h3 Qxb3 11. axb3 Bh5 12. Nxh5 Nxh5 13. Be2 Nf6 14. Bf3 a6 15. d3 Bc5 16. Bf4 Nd5 17. Bd2 0-0 18. Ke2 Rfe8 19. c3 Rad8 20. b4 Bf8 21. Ra5 Bd6 22. g3 Bc7 23. Rc5 Bd6 24. Ra5 Bc7 25. Rc5 Bd6 26. Rc4 Nb6 27. Rh4 Be7 28. Re4 Nd5 29. Re1 g6 30. Kd1 Nf6 31. R4e3 Nd5 32. R3e2 Bf8 33. Kc2 Bd6 34. Bg5 Rc8 35. h4 Kg7 36. h5 h6 37. Bd2 g5 38. Be4 Nf6 39. Rh1 Nxe4 40. Rxe4 f5 41. Rd4 Rcd8 42. Re1 e5 43. Rc4 Rc8 44. Be3 b5 45. Rc5 Bxc5 46. Bxc5 Ra8 47. Ra1 e4 48. Bd4+ Kf7 49. Kd2 exd3 50. Kxd3 Re4 51. f3 Re6 52. g4 f4 53. Bc5 Re5 54. Bd4 Ree8 55. Bc5 Red8+ 56. Bd4 Re8 57. Bc5 Red8+ 58. Bd4 a5 59. Re1 axb4 60. cxb4 Re8 61. Rc1 Re6 62. Rc5 Ra4 63. Kc3 Ra1 64. Rf5+ Ke7 65. Bc5+ Kd8 66. Rf8+ Kc7 67. Rf7+ Kc8 68. Rf8+ Kd7 69. Rf7+ Kd8 70. Rf8+ Re8 71. Rf6 Rf1 72. Rxc6 Rxf3+ 73. Kd4 Rg3 74. Rxh6 Rxg4 75. Kd5 f3 76. Ra6 Rf4 77. Ra8+ Kd7 78. Ra7+ Kd8 79. Ra8+ Kd7 80. Ra7+ Kd8 81. Ra8+ 1/2-1/2

[Event "Titled Tuesday intern op 03rd Jan Early"]
[Site "Chess.com INT"]
[Date "2023.01.03"]
[Round "5"]
[White "Goltsev, Dmitry"]
[Black "Andreev, Eduard"]
[Result "1-0"]
[WhiteElo "2216"]
[BlackElo "2413"]
[PlyCount "91"]
[EventDate "2023.01.03"]
[EventType "swiss (blitz)"]
[EventRounds "11"]
[EventCountry "USA"]
[SourceTitle "EXT 2024"]
[Source "ChessBase"]
[SourceDate "2023.10.10"]
[SourceVersion "1"]
[SourceVersionDate "2023.10.10"]
[SourceQuality "1"]

1. e4 c6 2. d4 d5 3. Nc3 dxe4 4. Nxe4 Nf6 5. Qe2 Nxe4 6. Qxe4 Nd7 7. Nf3 Nf6 8. Qd3 Bg4 9. Be2 e6 10. c3 Bd6 11. 0-0 0-0 12. h3 Bf5 13. Qd1 Qc7 14. Bg5 Ne4 15. Be3 h6 16. Nd2 Nxd2 17. Qxd2 Rfd8 18. Rfe1 Rac8 19. Bc4 c5 20. d5 exd5 21. Bxd5 Bh2+ 22. Kh1 c4 23. g3 Bxg3 24. fxg3 Be6 25. Bf4 Bxd5+ 26. Kh2 Qc6 27. Rad1 Rd7 28. Qd4 Be6 29. Qxa7 Rxd1 30. Rxd1 Qf3 31. Qd4 Qe2+ 32. Kg1 Bxh3 33. Rd2 Qf1+ 34. Kh2 Re8 35. Rf2 Re2 36. Rxe2 Qxe2+ 37. Kxh3 Qxb2 38. Qxc4 b5 39. Qc8+ Kh7 40. Qf5+ Kg8 41. Qd3 g5 42. Be5 Qxa2 43. Qd8+ Kh7 44. Qh8+ Kg6 45. Qf6+ Kh7 46. Qg7# 1-0

[Event "Titled Tuesday intern op 03rd Jan Early"]
[Site "Chess.com INT"]
[Date "2023.01.03"]
[Round "7"]
[White "Khubukshanov, Erdem"]
[Black "Andreev, Eduard"]
[Result "0-1"]
[WhiteElo "2384"]
[BlackElo "2413"]
[PlyCount "66"]
[EventDate "2023.01.03"]
[EventType "swiss (blitz)"]
[EventRounds "11"]
[EventCountry "USA"]
[SourceTitle "EXT 2024"]
[Source "ChessBase"]
[SourceDate "2023.10.10"]
[SourceVersion "1"]
[SourceVersionDate "2023.10.10"]
[SourceQuality "1"]

1. e4 c6 2. Nc3 d5 3. Nf3 dxe4 4. Nxe4 Nf6 5. Qe2 Nxe4 6. Qxe4 Nd7 7. Bc4 Nf6 8. Ne5 e6 9. Qe2 b5 10. Bb3 Qc7 11. 0-0 Bd6 12. d4 0-0 13. Bf4 a5 14. c4 a4 15. c5 axb3 16. cxd6 Qxd6 17. Ng6 Qxd4 18. Be3 Qg4 19. Qxg4 Nxg4 20. Nxf8 Nxe3 21. fxe3 bxa2 22. Nxh7 Kxh7 23. Rxf7 e5 24. Re7 Bf5 25. Rxe5 Bb1 26. Rc5 Ra4 27. Rc1 Re4 28. Kf2 Rb4 29. Rxc6 Rxb2+ 30. Kf3 b4 31. Rb6 b3 32. e4 Bc2 33. e5 Rb1 0-1

[Event "Titled Tuesday intern op 03rd Jan Late"]
[Site "Chess.com INT"]
[Date "2023.01.03"]
[Round "5"]
[White "Schmidt, Harald"]
[Black "Andreev, Eduard"]
[Result "1-0"]
[WhiteElo "2346"]
[BlackElo "2413"]
[PlyCount "163"]
[EventDate "2023.01.03"]
[EventType "swiss (blitz)"]
[EventRounds "11"]
[EventCountry "USA"]
[SourceTitle "EXT 2024"]
[Source "ChessBase"]
[SourceDate "2023.10.10"]
[SourceVersion "1"]
[SourceVersionDate "2023.10.10"]
[SourceQuality "1"]

1. c4 c5 2. Nc3 Nc6 3. g3 g6 4. Bg2 Bg7 5. Nf3 e6 6. 0-0 Nge7 7. d3 0-0 8. Rb1 d5 9. cxd5 exd5 10. e4 h6 11. Re1 Be6 12. a3 Qd7 13. Bd2 a5 14. Qc1 Kh7 15. Na4 dxe4 16. Nxc5 Qc8 17. Nxe6 Qxe6 18. dxe4 Rac8 19. Bc3 Ne5 20. Nxe5 Bxe5 21. Qe3 Nc6 22. Qb6 Bxc3 23. bxc3 Qc4 24. Qxb7 Rb8 25. Qc7 Rbc8 26. Qb6 Ne5 27. Qd4 Qxc3 28. Qxc3 Rxc3 29. Rb5 Nd3 30. Re3 Rd8 31. Bf1 Rc1 32. Rxa5 Nc5 33. Kg2 Rdd1 34. Be2 Rg1+ 35. Kh3 Ne6 36. f4 g5 37. f5 Nd4 38. Bh5 Rc7 39. Rd5 Nc2 40. Re2 Ra1 41. e5 Rxa3 42. e6 fxe6 43. fxe6 Raa7 44. Rd7+ Rxd7 45. exd7 Rxd7 46. Rxc2 Kg7 47. Rc5 Rd4 48. Rc6 Rd5 49. Rg6+ Kh7 50. Re6 Rd4 51. Re7+ Kg8 52. Bg4 Rb4 53. Ra7 Rd4 54. Bf5 Rb4 55. Ra6 Kg7 56. Rg6+ Kf7 57. Rxh6 Rb5 58. Bg4 Rb4 59. Ra6 Rb2 60. Rc6 Ra2 61. Rd6 Rc2 62. Rd7+ Kf6 63. Rd6+ Kg7 64. Bf5 Rc5 65. Rg6+ Kf7 66. Rxg5 Kf6 67. Kh4 Rc4+ 68. g4 Rc3 69. Rg6+ Kf7 70. h3 Rf3 71. Ra6 Rc3 72. Kg5 Ke7 73. h4 Rc5 74. h5 Ra5 75. Rxa5 Kd6 76. h6 Kc6 77. h7 Kb6 78. Re5 Kc6 79. h8Q Kd6 80. Qf6+ Kc7 81. Re7+ Kd8 82. Qf8# 1-0